| 000 | 00827nas a2200277 4500 | ||
|---|---|---|---|
| 001 | BR7306868 | ||
| 003 | BR-BrBNA | ||
| 005 | 20231205082627.0 | ||
| 007 | ta | ||
| 008 | 230509b bl.|||p| |||| 00| 00por d | ||
| 040 |
_aBR-BrBNA _bpor _cBiblioteca Nacional de Agricultura |
||
| 041 | _a(Pt) | ||
| 072 | _aF25; F00 | ||
| 100 | 1 | _aSimao Neto, M. | |
| 100 | 1 | _aGoncalves, C.A. | |
| 100 | 1 | _aPimentel, D.M. | |
| 245 | 1 | _aAdubacao de estabelecimento de capim elefante (Pennisetum purpureum, Schum)na regiao Bragantina [Brasil] | |
| 650 | _aPLANTA FORRAGEIRA | ||
| 650 | _aCAPIM ELEFANTE | ||
| 650 | _aADUBACAO | ||
| 650 | _aRENDIMENTO | ||
| 650 | _aPARA | ||
| 773 | 0 |
_tBoletim Tecnico do IPEAN (Brazil) _x _g(Nov 1974), (no. 62) p. 11-24 _wBR7306868 |
|
| 909 |
_a202311 _bLúcia _c55 _dLúcia Elande |
||
| 942 |
_2AGRIS _n0 _cANA |
||
| 999 |
_c93345 _d93345 |
||